[Event "POR-ch"]
[Site "Pampilhosa da Serra"]
[Date "2012.08.04"]
[Round "1"]
[White "Rocha, Sergio MC"]
[Black "Santos, Hugo Lima"]
[Result "1-0"]
[WhiteElo "2404"]
[BlackElo "2146"]
[PlyCount "63"]
[EventDate "2012.08.04"]
[EventType "tourn"]
[EventRounds "9"]
[EventCountry "POR"]
[EventCategory "1"]
[SourceTitle "CBM 149 Extra"]
[Source "ChessBase"]
[SourceDate "2012.08.24"]
[SourceVersion "1"]
[SourceVersionDate "2012.08.24"]
[SourceQuality "1"]

1. Nf3 Nf6 2. g3 d5 3. b3 e6 4. Bg2 Be7 5. c4 0-0 6. 0-0 c5 7. cxd5 Nxd5 8. Na3 Nc6 9. Bb2 b6 10. Qc2 Ba6 11. Nc4 Rc8 12. Qe4 Bf6 13. Nce5 Nde7 14. d3 Nxe5 15. Nxe5 Rc7 16. Qa4 Bb7 17. Bxb7 Rxb7 18. Rab1 Nf5 19. b4 Bxe5 20. Bxe5 Qd5 21. Ba1 Nd4 22. Bxd4 Qxd4 23. Rfc1 cxb4 24. Rxb4 Qd7 25. Qc2 h6 26. a4 Qe7 27. Rc4 Rfb8 28. Qb3 a6 29. Rc6 Qg5 30. Qc4 b5 31. Qe4 Qd5 32. Rc8+ 1-0

[Event "POR-ch qual"]
[Site "Amadora"]
[Date "2011.09.11"]
[Round "9"]
[White "Santos, Hugo Lima"]
[Black "Ulyanovskyy, Viktor"]
[Result "0-1"]
[WhiteElo "2101"]
[BlackElo "2297"]
[PlyCount "110"]
[EventDate "2011.09.03"]
[EventType "swiss"]
[EventRounds "9"]
[EventCountry "POR"]
[SourceTitle "CBM 144 Extra"]
[Source "ChessBase"]
[SourceDate "2011.10.28"]
[SourceVersion "1"]
[SourceVersionDate "2011.10.28"]
[SourceQuality "1"]

1. e4 c5 2. Nc3 Nc6 3. g3 e5 4. Bg2 g6 5. d3 Bg7 6. Nh3 Nge7 7. 0-0 0-0 8. f4 d6 9. f5 f6 10. g4 Nd4 11. Be3 Bd7 12. Ne2 Bc6 13. Ng3 Be8 14. c3 Ndc6 15. Qd2 Kh8 16. Rf2 Ng8 17. g5 Qe7 18. Raf1 Bd7 19. gxf6 Bxf6 20. fxg6 hxg6 21. Bh6 Bg7 22. Bxg7+ Kxg7 23. Qg5 Qxg5 24. Nxg5 Rxf2 25. Rxf2 Nf6 26. Bh3 Bxh3 27. Nxh3 Rh8 28. Ng5 Nd8 29. d4 Ng4 30. Rd2 Kf6 31. Nf3 cxd4 32. cxd4 Ne6 33. dxe5+ dxe5 34. Ne2 Rc8 35. Nc3 Nf4 36. Nd5+ Nxd5 37. exd5 e4 38. Ne1 Ke5 39. d6 Rd8 40. Rg2 Kf4 41. Rd2 Ke5 42. Rg2 Kf5 43. h3 Ne5 44. Rf2+ Kg5 45. Re2 Kf4 46. Ng2+ Kf5 47. Nh4+ Kf4 48. Ng2+ Kg3 49. Rxe4 Nf3+ 50. Kh1 Rxd6 51. Ne3 Kxh3 52. Rf4 Kg3 53. Re4 Rd8 54. Rg4+ Kf2 55. Ng2 Rd1+ 0-1

[Event "POR-ch qual"]
[Site "Amadora"]
[Date "2011.09.03"]
[Round "1"]
[White "Santos, Hugo Lima"]
[Black "Martins, Daniel Carvalho"]
[Result "1-0"]
[WhiteElo "2078"]
[BlackElo "1730"]
[PlyCount "37"]
[EventDate "2011.09.03"]
[EventType "swiss"]
[EventRounds "9"]
[EventCountry "POR"]
[SourceTitle "CBM 144 Extra"]
[Source "ChessBase"]
[SourceDate "2011.10.28"]
[SourceVersion "1"]
[SourceVersionDate "2011.10.28"]
[SourceQuality "1"]

1. e4 e6 2. Nc3 d5 3. Nf3 c5 4. exd5 exd5 5. Bb5+ Nc6 6. Ne5 Qd6 7. 0-0 Nge7 8. Re1 Be6 9. d4 a6 10. dxc5 Qxc5 11. Nd3 Qb6 12. Ba4 g6 13. Nf4 d4 14. Ncd5 Nxd5 15. Nxd5 Qd8 16. Qxd4 Qa5 17. Bg5 Bg7 18. Qxg7 Rf8 19. Bxc6+ 1-0

[Event "Wch U20 50th"]
[Site "Chennai"]
[Date "2011.08.14"]
[Round "12"]
[White "Narayanan, Srinath"]
[Black "Santos, Hugo Lima"]
[Result "0-1"]
[WhiteElo "2371"]
[BlackElo "2078"]
[PlyCount "74"]
[EventDate "2011.08.02"]
[EventType "swiss"]
[EventRounds "13"]
[EventCountry "IND"]
[SourceTitle "CBM 143 Extra"]
[Source "ChessBase"]
[SourceDate "2011.08.29"]
[SourceVersion "1"]
[SourceVersionDate "2011.08.29"]
[SourceQuality "1"]

1. e4 e6 2. d4 d5 3. Nd2 Nf6 4. e5 Nfd7 5. Bd3 c5 6. c3 Nc6 7. Ngf3 Be7 8. 0-0 g5 9. dxc5 g4 10. Nd4 Ndxe5 11. Bb5 Bd7 12. N2b3 h5 13. Re1 Ng6 14. c4 a6 15. Bxc6 Bxc6 16. Nxc6 bxc6 17. Nd4 Qd7 18. Qc2 e5 19. Nf5 e4 20. Nxe7 Nxe7 21. Bg5 f5 22. Rad1 d4 23. Bf6 d3 24. Qc3 Rh7 25. Qe5 0-0-0 26. Bh4 Ng6 27. Qf6 Nxh4 28. Qxh4 Qe7 29. Qg3 Qxc5 30. Qf4 a5 31. Qg5 Qe5 32. Qg6 Rc7 33. Qxh5 Qf6 34. h4 Rh8 35. Qg5 Qxg5 36. hxg5 Rch7 37. f4 g3 0-1